Aprender Alemán familia - Estadísticas

Estadísticas generales
  • Esta prueba ha sido intentada 14 veces
  • La puntuación promedio es 10 de 19
Estadísticas de respuestas
Español Alemán % Correcto
Madre Mutter
100%
Niño Kind
91%
Padre Vater
82%
Hermano Bruder
73%
Familia Familie
73%
Abuela Großmutter
73%
Hermana Schwester
73%
Abuelo Großvater
64%
Bebé Baby
55%
Padres Eltern
55%
Abuelos Großeltern
55%
Primo Cousin
45%
Tío Onkel
45%
Tía Tante
36%
Adulto Erwachsene
9%
Adolescente Jugendliche
9%
Bisabuelos Urgroßeltern
9%
Bisabuela Urgroßmutter
9%
Tatarabuelo Urgroßvater
0%
No se encontraron pruebas coincidentes
Distribución de puntuación
Porcentaje de gente con cada puntuación
Porcentaje por número respondido
Historial de tus puntuaciones
No has intentado esta prueba.